エクスポート完了 — 

Woment’s Lives Multicultural Perspectives

Guardado en:
Detalles Bibliográficos
Autor principal: Kirk, Gwyn
Formato: Libro
Lenguaje:English
Publicado: McGraw Hill Companies Inc 2007
Materias:
Etiquetas: Agregar Etiqueta
Sin Etiquetas, Sea el primero en etiquetar este registro!
Thư viện lưu trữ: Mạng thư viện Đại học Đà Nẵng
LEADER 01075cam a22003251a 4500
001 000033451
003 9618
005 20151020000000.0
008 151016s2007 000 eng
020 |a 9780073529417 
041 |a eng 
082 |a 420.3  |b KI-G 
100 |a Kirk, Gwyn 
245 |a Woment’s Lives Multicultural Perspectives  |c Gwyn Kirk 
260 |a McGraw Hill Companies Inc  |c 2007 
300 |a 585p. : ill ; 25cm 
650 |a Woment’s Lives Multicultural Perspectives, Perspectives, Law 
852 |b Chuyên đề  |c Tiếng Anh tham khảo 1 
OWN |a LNN 
AVA |a UDN50  |b LNN  |d 420.3 KI-G  |e available  |t Error 5001 Not defined in file expand_doc_bib_avail.  |f 3  |g 0  |h N  |i 0  |k 1 
999 |a From the UDN01 
AVA |a UDN50  |b LNN  |d 420.3 KI-G  |e available  |t Error 5001 Not defined in file expand_doc_bib_avail.  |f 3  |g 0  |h N  |i 0  |k 1 
TYP |a Monograph 
980 |a Mạng thư viện Đại học Đà Nẵng